000 00773nam a2200253 i 4500
001 C2-0312429
003 PPAK
005 20180728104149.0
008 111003s2010 tnua|||| ||||| | eng d
020 _a9780849946158
040 _aPPAK
_beng
_cPPAK
_erda
082 0 4 _a133.9013092
_223
090 0 0 _a133.9013092
_bBUR
_dG
100 1 _aBurpo, Todd,
_eauthor
245 1 0 _aHeaven is for real
264 1 _aNashville :
_bThomas Nelson ,
_c2010
300 _axxi, 163 pages :
_billustrations ;
_c20 cm
336 _2rdacontent
_atext
337 _2rdamedia
_aunmediated
338 _2rdacarrier
_avolume
650 1 0 _aHeaven - Christianity. ; Burpo, Colton, 1999-. ; Near-death experiences - Religious aspects - Christianity.
700 _eauthor
942 _ddc
_cB
999 _c114417
_d114417